000 00896nam a2200241 a 4500
001 000047143
005 20240412074306.0
008 150216s2016 dr a 000 j spa d
020 _a9789945175790
040 _aDO-SdBNP
_bspa
_cBNPHU
082 _axxx
_bU15
100 1 _aUbiñas, Karina
_d1972-
_974931
245 1 0 _a¡Toqui, toqui!, llegó la abuelita /
_cKarina Ubiñas ; ilustraciones Adelina Rosa Dore.
260 _aSanto Domingo :
_bEdiciones SM,
_c2016.
300 _a29 p. :
_bil. ;
_c20 cm.
490 1 _aEl barco de vapor, para empezar a leer;
_aLos felices
_v3 ;
590 _aInventariado, 2018/ YL
500 _aIncluye datos biográficos del autor e ilustrador.
650 4 _aCuentos infantiles dominicano
_973270
650 0 _aLiteratura dominicana.
_967
700 1 2 _aDore, Adelina Rosa
_eil.
_974924
830 0 _aEl barco de vapor, para empezar a leer
_pLos felices
_n3
_974932
999 _c46631
_d46631